Statystyki dla Samochody według obrazu - quiz o samochodach #17

Kliknij tutaj aby rozwiązać quiz!

Ogólne statystyki

  • Ten quiz został rozwiązany 74 razy
  • Średni wynik to 11 z 18

Statystyki odpowiedzi

Odpowiedź% Poprawnych
Lamborghini
94%
Tesla
85%
Ferarri
82%
Ford Mustang
82%
Smart
71%
Aston Martin
70%
Chevy Corvette
65%
Toyota Prius
65%
Rolls-Royce
64%
Hummer
62%
DeLorean
59%
Fiat 500
58%
Land Rover
58%
Volkswagen Beetle
53%
Model T
35%
PT Cruiser
30%
El Camino
23%
Ford Thunderbird
5%

Rozkład punktacji

Percentyl według liczby udzielonych odpowiedzi

Procent ludzi z każdym wynikiem

Twoja historia wyników

Nie rozwiązałeś tego quizu